[Event "XVI Ugra Cup 2020"]
[Site "Khanty-Mansiysk"]
[Date "2020.12.03"]
[Round "4.10"]
[White "Sabirov, Timur"]
[Black "Vetokhin, Savva"]
[Result "0-1"]
[WhiteElo "2057"]
[BlackElo "2317"]
[Annotator "TA"]
[PlyCount "80"]
[EventDate "2020.11.30"]
[EventType "swiss"]
[EventCountry "RUS"]
[SourceTitle "playchess.com"]
[Source "ChessBase"]
[SourceQuality "1"]

{[%evp 9,80,0,39,25,25,18,23,5,33,14,14,25,20,-47,-46,-46,-46,-39,-52,-54,-14,-38,-39,-50,-37,-39,-47,-42,-8,-66,-49,-59,-40,-41,-42,-50,-37,-41,-29,-46,-29,-35,-25,-40,0,-28,-25,-34,-25,-40,-40,-44,-37,-84,-77,-148,-146,-252,-251,-245,-177,-190,0,-243,-229,-817,-787,-29996,-29997,-29997,-29998,-29998,-29999]} 1. Nf3 d5 2. d4 Nf6 3. g3 e6 4. Bg2 b5 5. O-O Bd6 6. Nbd2 {A46: 1 d4 Nf6 2 Nf3 e6: Torre, London and Colle Systems.} O-O 7. b3 Nbd7 8. c4 {White has an edge.} c6 9. Qc2 bxc4 10. bxc4 Ba6 11. e4 {[#]} (11. c5 $11 Bc7 12. Re1) 11... Nxe4 $146 ({Predecessor:} 11... e5 12. Re1 dxe4 13. Nxe4 Nxe4 14. Qxe4 {½-½ (14) Emodi,B (2363)-Csizmadia,L (2370) Hungary 2015}) 12. Nxe4 dxe4 13. Ng5 Be7 14. Qa4 Bxg5 15. Qxa6 Bxc1 16. Raxc1 Nf6 17. Qxc6 Qxd4 18. Rfd1 Qe5 19. Re1 (19. Qb5 $11 Qf5 20. Qxf5 exf5 21. c5) 19... Rac8 20. Qb7 Rc7 21. Qb1 Rfc8 22. Bxe4 Qd4 23. Bd3 g6 24. Bf1 Ng4 25. Qc2 {[#] Hoping for Re4.} Qf6 26. Re4 Nh6 {[%cal Bg4h6,Bh6f5,Bf5d4][%mdl 32]} (26... h5 {keeps more tension.} 27. Rf4 Qe7 28. Rd4 Nf6 29. Rcd1 Nd7) 27. Qd2 Nf5 28. Rd1 e5 29. Qa5 Nd4 30. Bg2 Rc5 31. Qxa7 Rxc4 32. f4 ({White should try} 32. Ree1) 32... Rc1 $17 33. Rxc1 (33. Ree1 $17 Ne2+ 34. Kh1 Rxd1 35. Rxd1) 33... Rxc1+ $19 34. Kf2 Rc2+ 35. Kf1 Rc1+ (35... Qd8 $142 {Strongly threatening ...Nf5.} 36. Re1 exf4 37. gxf4 Qd6 38. Qa8+ Kg7) 36. Kf2 $1 exf4 $40 {[%mdl 128] Black goes for the king.} ({Much less strong is} 36... Rc2+ 37. Kf1) 37. Rxf4 $2 (37. Qb8+ Kg7 38. Qxf4 Rc2+ {[%mdl 64] Double Attack} 39. Ke1) 37... Rc2+ 38. Ke1 {[#]} Nf3+ $1 {[%mdl 576] Back Rank. Black mates.} 39. Bxf3 (39. Rxf3 Qa1#) 39... Qc3+ 40. Kf1 Qa1+ {[%mdl 64] Double Attack.  Weighted Error Value: White=0.51/Black=0.18} 0-1

[Event "XVI Ugra Cup 2020"]
[Site "Khanty-Mansiysk"]
[Date "2020.12.04"]
[Round "5.1"]
[White "Sarana, Alexey"]
[Black "Bocharov, Ivan"]
[Result "1/2-1/2"]
[WhiteElo "2636"]
[BlackElo "2559"]
[Annotator "TA"]
[PlyCount "83"]
[EventDate "2020.11.30"]
[EventType "swiss"]
[EventCountry "RUS"]
[SourceTitle "playchess.com"]
[Source "ChessBase"]
[SourceQuality "1"]

{[%evp 18,83,25,24,37,19,41,33,57,59,60,50,47,65,61,11,21,16,14,20,16,10,20,16,14,-6,-7,0,0,-16,0,-14,-17,-25,-15,-15,-13,-15,-15,-15,-10,-18,-17,-50,-48,-48,-45,-43,-43,-56,-56,-64,-20,-34,-28,-26,-23,-26,-26,-25,-8,-9,-9,-51,-9,-16,-3,-3]} 1. d4 Nf6 2. c4 e6 3. Nf3 d5 4. Nc3 Be7 5. Bf4 O-O 6. e3 c5 7. dxc5 Bxc5 8. a3 Nc6 9. Qc2 Qa5 10. Rd1 Re8 {[#] aiming for ...e5. 10...Rd8 is the modern continuation. D37: Queen's Gambit Declined: 5 Bf4.} 11. Nd2 e5 12. Bg5 Nd4 $1 {[%cal Rd4c2] White is slightly better.} 13. Qb1 $1 {Bxf6 is the strong threat.} (13. exd4 exd4+ 14. Be2 (14. Ne2 $2 Ng4 $19) 14... dxc3 $17) 13... Bf5 14. Bd3 Bxd3 $1 15. Qxd3 {Hoping for Bxf6.} Ne4 $1 (15... e4 $2 16. Qb1 $18) 16. Nxd5 ({But not} 16. exd4 exd4 17. O-O dxc3 $17) 16... Nxg5 17. b4 Qd8 {[#]} 18. h4 $146 ({Predecessor:} 18. bxc5 Nde6 19. O-O Nxc5 20. Qb1 Qc8 21. f4 exf4 22. Rxf4 f6 23. h4 Nf7 24. Rxf6 gxf6 25. Nxf6+ {1-0 (64) Tabatabaei,M (2629)-Esipenko,A (2682) chess.com INT 2020}) 18... Nge6 $1 ({Don't blunder} 18... e4 $2 19. Qb1 $18) 19. Ne4 Bf8 20. exd4 Nxd4 21. Ng5 {[%csl Gg5][%cal Rd3h7]} g6 $1 22. Ne4 Bg7 23. h5 b5 24. hxg6 hxg6 25. Kf1 ({Of course not} 25. Qh3 bxc4 26. Ndc3 f5 $17) 25... bxc4 26. Qxc4 Rc8 27. Nc5 Qd6 28. Rh3 Red8 29. Nc3 Qc6 30. Rhd3 Bf8 31. Ne2 {[%cal Re2d4]} Bxc5 32. bxc5 Qxc5 33. Qxc5 Rxc5 34. f4 {Strongly threatening fxe5.} f6 35. Nxd4 Rcd5 {[%mdl 64] [#] Pin} 36. Ke2 {And now Nc6 would win.} exd4 $11 {[%mdl 4096] Endgame KRR-KRR} 37. Rc1 Kf7 38. Kf3 R8d7 39. g4 Ke6 40. Rc4 R5d6 41. a4 Rd5 42. Ke4 {Accuracy: White = 90%, Black = 93%.} 1/2-1/2

[Event "XVI Ugra Cup 2020"]
[Site "Khanty-Mansiysk"]
[Date "2020.12.04"]
[Round "5.2"]
[White "Zvjaginsev, Vadim"]
[Black "Savchenko, Boris"]
[Result "1/2-1/2"]
[WhiteElo "2602"]
[BlackElo "2551"]
[Annotator "TA"]
[PlyCount "61"]
[EventDate "2020.11.30"]
[EventType "swiss"]
[EventCountry "RUS"]
[SourceTitle "playchess.com"]
[Source "ChessBase"]
[SourceQuality "1"]

{[%evp 21,61,21,11,0,16,0,0,0,9,9,9,9,8,8,9,8,9,7,15,7,7,7,6,6,22,22,22,22,22,21,43,43,50,0,42,0,42,0,32,0,35,0]} 1. c4 Nf6 2. Nc3 g6 3. Nf3 Bg7 4. g3 d5 5. cxd5 Nxd5 6. Bg2 O-O 7. O-O c5 8. d4 cxd4 9. Nxd4 Nxc3 10. bxc3 Nc6 11. Nxc6 bxc6 12. Ba3 {D75: Fianchetto Grünfeld: Main Line with 7...c5.} Ba6 13. Qxd8 (13. Qc2 {feels hotter.} Rc8 14. Rfd1 Qc7 15. Rab1 Bc4 16. Rb4) 13... Rfxd8 {[#]} 14. Bxc6 $146 {The position is equal.} ({Predecessor:} 14. Bxe7 Rd2 15. Rfd1 Rxd1+ 16. Rxd1 Bxe2 17. Rd7 Bb5 18. Rb7 a6 19. c4 Bxc4 20. Bxc6 {½-½ (70) Cori,J (2660)-Zherebukh,Y (2636) chess.com INT 2018}) 14... Bxe2 15. Bxa8 {[#] Threatens to win with Be4.} Bxf1 16. Kxf1 {Bf3 is the strong threat.} Rxa8 17. Bxe7 Bxc3 $11 {[%mdl 4096] Endgame KRB-KRB} 18. Rc1 Bd4 19. Rc4 Re8 20. Bg5 Bb6 21. Bf6 Kf8 22. g4 Bd8 (22... Rb8 {keeps more tension.} 23. g5 Bd8 24. Kg2 Ke8 25. Re4+ Kf8) 23. Bxd8 Rxd8 {KR-KR} 24. Ra4 Rd7 25. Kg2 g5 26. Ra6 Kg7 27. Kf3 Re7 28. Kg2 Rd7 29. Kf3 Re7 30. Kg2 Rd7 31. Kf3 {Accuracy: White = 90%, Black = 93%.} 1/2-1/2

[Event "XVI Ugra Cup 2020"]
[Site "Khanty-Mansiysk"]
[Date "2020.12.04"]
[Round "5.3"]
[White "Matinian, Nikita"]
[Black "Pridorozhni, Aleksei"]
[Result "0-1"]
[WhiteElo "2470"]
[BlackElo "2590"]
[Annotator "TA"]
[PlyCount "70"]
[EventDate "2020.11.30"]
[EventType "swiss"]
[EventCountry "RUS"]
[SourceTitle "playchess.com"]
[Source "ChessBase"]
[SourceQuality "1"]

{[%evp 19,70,34,37,30,24,21,20,26,23,-6,-2,-11,0,0,0,0,0,0,0,0,0,0,0,-101,-97,-97,-44,-91,-86,-102,-93,-87,-100,-122,0,0,0,0,0,0,0,-50,-37,-67,-71,-112,0,-214,-214,-185,-195,-2547,-2528]} 1. e4 c5 2. Nf3 Nc6 3. Bb5 d6 4. O-O Bd7 5. Re1 Nf6 6. c3 a6 7. Bf1 Bg4 8. h3 Bxf3 9. Qxf3 g6 {9...e6 is the fancy move. Played by Jeffery Xiong in October 2020.} 10. d3 Bg7 11. Nd2 {B51: Sicilian: Moscow Variation (3 Bb5+) without 3...Bd7.} O-O 12. Qd1 b5 13. Nf3 {The position is equal.} e5 $5 {[%mdl 4] [#] Exploring less charted territory.} 14. d4 $146 ({Predecessor:} 14. Be3 Nd7 15. d4 exd4 16. cxd4 Re8 17. d5 Nce5 18. Nd2 c4 19. Qc2 Rc8 20. f4 {0-1 (39) Schwabeneder,F (2354)-Baumegger,S (2473) Vienna 2013}) 14... exd4 15. cxd4 Nxd4 16. Nxd4 cxd4 17. Qxd4 Re8 $1 18. Qb4 a5 {[%cal Ba6a5,Ba5a4][%mdl 32]} 19. Qxb5 Nxe4 20. Bc4 Re5 21. Qb3 (21. Bxf7+ $11 {remains equal.} Kf8 22. Bd5) 21... d5 $17 {[#] Threatens to win with ...Nc5.} 22. Bf1 Rf5 ({Black should try} 22... a4 $17 23. Qa3 Bf8) 23. Re2 a4 24. Qd3 Nc5 25. Qd1 d4 26. g4 Re5 (26... Rd5 $17 {And now ...d3 would win.} 27. Bg2 d3) 27. Rxe5 $1 $11 Bxe5 28. Qf3 Rc8 $36 {[%mdl 2048] Strongly threatening ...d3. Black has the initiative.} 29. Bd2 Ne6 30. Re1 Bf6 31. b3 Rc2 32. Bh6 Bg5 {[#]} (32... Rxa2 33. Bc4 $11) (32... Bh4 $17 33. Rc1 axb3 34. axb3 Bxf2+ 35. Kh1 Rxc1 36. Bxc1 Bh4) 33. Bxg5 $2 (33. Rxe6 $1 $11 {[%mdl 512] and White has nothing to worry.} fxe6 34. Qe4 axb3 35. Qxe6+ Kh8 36. Bxg5 Qxg5 37. Bc4 Qc1+ 38. Kg2 Rxc4 39. Qe8+ Kg7 40. Qe7+ Kh6 41. Qh4+ Kg7 42. Qe7+ Kg8 43. Qe8+ Kg7 44. Qe7+) 33... Nxg5 $19 34. Qf4 a3 35. Kg2 $2 (35. h4 Ne6 {[%mdl 64] Discovered Attack} 36. Rxe6 fxe6 37. Qe4) 35... Qd5+ {Accuracy: White = 59%, Black = 86%.} 0-1

[Event "XVI Ugra Cup 2020"]
[Site "Khanty-Mansiysk"]
[Date "2020.12.04"]
[Round "5.4"]
[White "Obgolts, Erik"]
[Black "Bocharov, Dmitry"]
[Result "1/2-1/2"]
[WhiteElo "2371"]
[BlackElo "2528"]
[Annotator "TA"]
[PlyCount "176"]
[EventDate "2020.11.30"]
[EventType "swiss"]
[EventCountry "RUS"]
[SourceTitle "playchess.com"]
[Source "ChessBase"]
[SourceQuality "1"]

{[%evp 13,176,3,39,35,37,27,28,33,22,11,7,0,21,14,14,-5,0,0,0,0,0,0,0,0,0,0,0,0,0,0,0,0,0,0,0,-16,-14,-32,0,0,0,0,0,-3,-3,-7,-5,-7,-8,-7,0,-39,-39,-32,-39,-54,-31,-33,-30,-33,-33,-31,-25,-29,-25,-25,-6,-25,-25,-25,-17,-60,-60,-68,-63,-130,-134,-118,-119,-162,-164,-167,-160,-181,-189,-184,-179,-167,-167,-322,-260,-309,-304,-366,-367,-359,-345,-294,-282,-274,-279,-321,-240,-346,-320,-392,-381,-29941,-29942,-29946,-29945,-29943,-12851,-12808,-12794,-7954,-7218,-2202,-5057,-29957,-1020,-29959,-29960,-29961,-29963,-29958,-29957,-6079,-45,-45,-45,-128,-128,-128,-45,-45,-8,-128,-128,-128,-8,-8,0,-128,-128,-128,-128,-128,-89,-89,-89,-89,-89,-91,-45,-45,-45,-45,-45,-45,-45,-52,-8,-8,-8]} 1. e4 c5 2. Nf3 Nc6 3. Bb5 e6 4. O-O Nge7 5. Re1 a6 6. Bf1 d5 7. exd5 Qxd5 8. Na3 {B30: Sicilian: 2...Nc6 3 Bb5, lines without ...g6.} Qd8 9. b3 Nf5 10. Bb2 {White has an edge.} Be7 11. Nc4 O-O 12. a4 b6 13. Bd3 Bb7 {[#]} 14. Be4 $146 (14. Bxf5 $5 exf5 15. Qe2 $11) ({Predecessor:} 14. Nfe5 Nb4 15. Be4 Bxe4 16. Rxe4 b5 17. Ne3 f6 18. Nf3 Nd6 19. Rxe6 Qd7 20. Rxe7 Qxe7 {0-1 (54) Can,M (2195)-Sargsyan,S (2477) Manavgat 2018}) 14... Qc7 15. Bxf5 exf5 16. Ne3 Qd7 17. d4 f4 18. Nc4 Rad8 $1 {[%cal Rc5d4]} 19. d5 Qxd5 20. Qxd5 Rxd5 21. Nxb6 Rdd8 22. Re2 f6 23. Rae1 Kf7 24. Nc4 Rfe8 25. Ba3 Bf8 26. Rxe8 Rxe8 27. Rd1 {And now Rd7+ would win.} Rd8 28. Rxd8 Nxd8 29. Ne1 Be4 30. f3 Bf5 31. Kf2 Ke6 (31... h5 {looks sharper.} 32. Ke2 Nb7 33. Nd3 g5 34. Kd2 Ke6) 32. Nd3 Bxd3 33. cxd3 $15 {[%mdl 4096] Endgame KBN-KBN} Kd5 34. Bb2 Ne6 35. Ke2 Be7 36. Nb6+ Kc6 37. Nc4 g5 38. Bc3 h5 39. h3 f5 40. Kf2 Bd8 41. Ke2 Kd5 42. b4 cxb4 43. Bxb4 g4 44. Bc3 ({White should play} 44. fxg4 $15 fxg4 45. hxg4 hxg4 46. Bc3) 44... gxh3 $17 45. gxh3 Ng5 $1 46. Be5 Nxh3 47. Bb8 h4 48. Kf1 Ng5 49. Bxf4 Nxf3 50. Ne3+ Ke6 51. Kf2 $2 (51. Nc2) 51... Nd4 52. Kg2 Ne2 53. Bb8 Nc3 54. d4 Bg5 (54... Nxa4 55. d5+ Kd7 56. Nxf5 $19) 55. Nc2 Be7 (55... Nxa4 56. Nb4 $19) 56. Ne3 Nd5 ({But not} 56... Nxa4 57. d5+ Kd7 58. Nxf5 $17) 57. Nc4 Bf6 58. Kh3 (58. Be5 $142) 58... Bxd4 $19 59. Kxh4 Nb6 60. Nxb6 $2 (60. Nd2 $19 Nxa4 61. Bc7) 60... Bxb6 {KB-KB} 61. Kg3 {Cut Off at move 61} Be3 $1 {[%cal Re3g5]} 62. Kf3 Bg5 63. Ke2 Kd5 64. Kd3 {[#]} Kc5 $1 {[%cal Rc5b4]} 65. Kc3 Bf6+ 66. Kb3 Bd4 (66... Kd5 $142 67. Kc2 Ke4 68. Ba7 f4 69. Kd2 Kf3 70. Bb8 Bg5 71. Be5 Kg2 72. Bd4 f3+ 73. Kd3 f2 74. Bxf2 Kxf2 75. Ke4 Ke2 76. Kd4 Be3+ 77. Ke5 Kd3 78. Kd6 Bf4+ 79. Kc5 a5 80. Kb6 Bd2 81. Kc5 Kc3 82. Kd5 Kb4 83. Ke4 Kxa4 84. Kd3 Bb4 85. Kc4 Ka3 86. Kd5 Kb3 87. Kd4 a4 88. Ke5 a3 89. Kf4 a2 90. Kg5 a1=Q 91. Kf5 Bd6 92. Ke4 Qe5+ 93. Kf3 Kc3 94. Kg4 Qf4+ 95. Kh5 Qf5+ 96. Kh4 Qg6 97. Kh3 Qg3#) 67. Bf4 Kd5 68. Bc7 Be5 69. Bb6 f4 70. Kc2 {[#]} Kc4 $2 (70... Ke4 $1 $19 71. Kd2 Kf3) 71. Kd2 $15 Bd4 72. Bc7 (72. a5 $1 $15) 72... f3 $17 73. Ke1 Kb3 (73... Kc3 $17 74. Kf1 Kc4) 74. a5 $15 Kc3 {Threatens to win with ...Kd3.} 75. Kf1 (75. Bb6 $1 $11) 75... Kd3 $17 76. Bd8 Kc4 (76... Ke4 $17 {White must now prevent ...Kd5.} 77. Bb6 Bc3) 77. Bb6 $1 $11 Kd5 {( -> ...Bxb6)} (77... Bg7 $5) 78. Bc7 (78. Bxd4 $1 $11 {was the only way to keep the balance.} Kxd4 79. Kf2) 78... Kc6 79. Bd8 Kb5 80. Bc7 Bc3 81. Kf2 Bxa5 82. Be5 Kc4 {aiming for ...Kd5.} 83. Kxf3 Kd3 84. Bd6 Bb6 85. Bb4 $1 Bd4 86. Ba5 $1 Bc3 87. Bd8 a5 {[#]} 88. Bxa5 $1 {[%mdl 512]} Bxa5 {And White is the lucky defender.  Weighted Error Value: White=0.32/Black=0.06} 1/2-1/2

[Event "XVI Ugra Cup 2020"]
[Site "Khanty-Mansiysk"]
[Date "2020.12.04"]
[Round "5.5"]
[White "Afanasiev, Nikita"]
[Black "Pingin, Artem"]
[Result "1-0"]
[WhiteElo "2519"]
[BlackElo "2244"]
[Annotator "TA"]
[PlyCount "303"]
[EventDate "2020.11.30"]
[EventType "swiss"]
[EventCountry "RUS"]
[SourceTitle "playchess.com"]
[Source "ChessBase"]
[SourceQuality "1"]

{[%evp 9,303,20,15,26,28,-3,0,-5,0,-8,-7,-7,-7,-16,-8,-10,-3,0,0,0,-14,-9,0,0,0,0,0,0,0,0,0,0,0,0,0,0,0,0,0,0,0,0,0,0,0,0,0,0,0,0,0,0,0,0,0,0,0,0,0,0,0,0,0,0,0,0,0,0,0,0,0,0,0,0,0,0,0,0,0,0,0,0,0,0,0,0,0,0,0,0,0,0,0,0,0,0,0,0,0,0,10,0,0,0,0,0,0,0,0,0,0,0,0,0,0,0,0,0,0,0,0,0,0,0,0,0,0,0,0,0,0,0,0,0,0,0,0,0,0,0,7,0,0,0,0,0,0,0,0,0,0,0,0,-14,0,-7,0,0,0,0,0,0,0,0,0,0,0,0,0,0,0,0,0,0,0,0,0,0,0,0,0,0,0,0,0,0,0,0,0,0,0,0,0,0,7,7,7,7,7,0,0,0,0,0,0,0,0,0,0,0,0,0,0,0,0,-8,-28,-28,-8,-8,-8,-47,0,0,0,0,6,0,8,8,8,0,0,0,0,0,0,0,0,0,0,0,0,0,8,8,8,8,8,5,5,5,5,5,5,5,5,5,8,8,8,5,8,8,68,68,68,68,68,12,29970,29972,29972,29974,29972,29973,29972,29973,29978,29979,29979,29980,29980,29980,29982,29983,29983,29981,29986,29987,29987,29988,29988,29989,29988,29989]} 1. e4 c5 2. Nf3 d6 3. Bb5+ Nd7 4. Ba4 Ngf6 5. O-O e6 6. Re1 {B51: Sicilian: Moscow Variation (3 Bb5+) without 3...Bd7.} Be7 7. c4 O-O 8. Nc3 {The position is equal.} a6 9. h3 Qc7 10. d3 {[#]} Ne5 $146 ({Predecessor:} 10... Rd8 11. a3 Nf8 12. Be3 Ng6 13. Rc1 Bd7 14. Bxd7 Nxd7 15. b4 Bf6 16. Qb3 Nge5 17. Nxe5 Nxe5 {½-½ (23) Ozen,D (2430)-Firat,B (2463) Konya 2019}) 11. Bf4 Bd7 12. Bc2 b5 (12... Rfd8 {is interesting.} 13. a4 Nc6 14. Be3 Nb4 15. Bd2 b6) 13. Bxe5 dxe5 14. cxb5 axb5 15. a4 bxa4 16. Bxa4 Rab8 17. Qc2 Rfd8 18. Red1 Ne8 19. Nd2 Nd6 20. Bxd7 Rxd7 21. Nc4 Nxc4 22. dxc4 Rxd1+ 23. Rxd1 Rd8 24. Nb5 Qa5 25. g3 g6 26. Kg2 Rxd1 27. Qxd1 Qa2 28. b3 Qb2 29. Qd7 Bf8 30. Qd3 Qa1 31. Nc3 Qe1 32. Ne2 Qa1 33. Ng1 Qb2 34. Nf3 h6 35. h4 Qa1 36. Qc2 Be7 37. Qd2 Bf8 38. Qc2 Be7 39. Nh2 Qd4 40. Qe2 Bf8 41. Ng4 h5 42. Nh2 Be7 43. Qc2 Qa1 44. Nf3 Kf8 45. Qd2 Qb1 46. Qe3 Qb2 47. Qd3 Ke8 48. Ne1 Kf8 49. Qc2 Qd4 50. Nf3 Qa1 51. Qd2 Qb1 52. Qh6+ Kg8 53. Qe3 Qb2 54. Qd3 Kf8 55. Ng1 Ke8 56. Qe3 Kf8 57. Kh2 Qc2 58. Nf3 Qb2 59. Qd2 Qb1 60. Qe2 Qa1 61. Qc2 {Cut Off at move 61} Ke8 62. Kg2 Kf8 63. Ng1 Kg8 64. Ne2 Qe1 65. Nc3 Qa1 66. Qd3 Bf8 67. Nb5 Qa2 68. Qe3 Qa1 69. Nc3 Qb2 70. Na4 Qa3 71. Qc3 Be7 72. Nb6 Qa6 73. Na4 Qb7 74. Qe3 Qb4 75. Nb2 Qb7 76. Kh2 Qb6 77. Qd3 Qb7 78. Na4 Qa7 79. Qc3 Qc7 80. Qc2 Qa5 81. Nb2 Qa8 82. Kg1 Qa1+ 83. Kg2 Qa8 (83... Qa2 {with more complications.} 84. Qc3 Qb1 85. Qxe5 Bf8 86. Na4 Qxb3 87. Nxc5 Qxc4 88. Nd7 Bg7) 84. Qd3 Qb7 85. Na4 Qa7 86. Nc3 Qa3 87. Nb5 Qa1 88. Qd7 Bf8 89. Qb7 Qb1 90. Nc7 Qd3 91. Ne8 Qd8 92. Qd7 Qa8 93. Nf6+ Kg7 94. Ne8+ Kg8 95. Kh2 Qa2 96. Nf6+ Kg7 97. Ne8+ Kg8 98. Kg2 Qa8 99. Nf6+ Kg7 100. Qe8 Qb7 (100... Bd6 {is more complex.}) 101. Qd8 (101. Nd7 {keeps more tension.}) 101... Qe7 (101... Be7 {seems wilder.}) 102. Qxe7 Bxe7 $11 {[%mdl 4096] Endgame KB-KN} 103. Nd7 Bd6 104. Nb6 Kf8 105. Kf3 Ke8 106. Na4 Kd7 107. Nb2 Bf8 108. Nd3 Kd6 109. Ke2 Bh6 110. Kd1 Bf8 111. Kd2 Be7 112. b4 cxb4 113. Nxb4 g5 114. hxg5 Bxg5+ 115. Kd3 h4 116. gxh4 Bxh4 117. f3 Bf2 118. Ke2 Bc5 119. Nd3 Bd4 120. Kd2 Kc6 121. Kc2 Kb6 122. Kb3 Ka5 123. Ka3 f6 124. Nc1 Bc5+ 125. Kb3 Be3 126. Ne2 Bd2 127. Ng3 Kb6 128. Nh5 f5 $1 129. Ng7 {[%mdl 64] [#] Double Attack} fxe4 130. fxe4 Kc5 131. Nxe6+ Kd6 132. Kc2 Bh6 133. Nd8 {Nf7+ is the strong threat.} Kc7 (133... Kc5 {looks sharper.} 134. Kc3 Kb6 135. Ne6 Kc6 136. Kb3 Be3) 134. Nf7 {[%mdl 64] Double Attack} Bf4 135. Kc3 Kc6 136. Nd8+ Kd7 ({Black should play} 136... Kb6 $1 $11) 137. Nb7 $1 $14 {Strongly threatening Kb4.} Kc6 138. Na5+ $1 Kb6 $1 {[%cal Rb6a5]} 139. Nb3 {Black must now prevent Kb4.} Kc6 $2 {[%mdl 8192] [#] A mistake that costs the game.} (139... Be3 $11) 140. Kb4 $1 {White mates.} Be3 141. c5 Bf2 142. Na5+ Kd7 143. Kb5 Ke6 144. Kc6 Be3 145. Nb3 Bg5 146. Kc7 Be7 147. c6 Bd6+ 148. Kb7 Kf6 149. Nd2 Kg5 150. Nc4 Be7 151. c7 Kf4 152. c8=Q {Weighted Error Value: White=0.01/Black=0.01} 1-0

[Event "XVI Ugra Cup 2020"]
[Site "Khanty-Mansiysk"]
[Date "2020.12.04"]
[Round "5.6"]
[White "Vetokhin, Savva"]
[Black "Schekachikhin, Maksim"]
[Result "1/2-1/2"]
[WhiteElo "2317"]
[BlackElo "2416"]
[Annotator "TA"]
[PlyCount "75"]
[EventDate "2020.11.30"]
[EventType "swiss"]
[EventCountry "RUS"]
[SourceTitle "playchess.com"]
[Source "ChessBase"]
[SourceQuality "1"]

{[%evp 13,75,2,15,0,14,14,14,-2,14,14,14,14,14,14,14,14,14,14,14,14,14,14,14,14,14,14,49,31,34,27,28,0,43,-18,-20,-30,-21,-39,-34,-45,-40,-40,-10,-70,-66,-81,0,0,0,0,0,0,0,0,125,120,130,117,128,0,0,0,91,0]} 1. e4 e6 2. d4 d5 3. Nc3 Bb4 4. e5 c5 5. a3 Bxc3+ 6. bxc3 Qa5 7. Bd2 Qa4 8. Rb1 {Hoping for Bb5+. C18: French: 3 Nc3 Bb4: Main line: 7 h4 and 7 Qg4.} c4 9. Qc1 Nc6 10. Nh3 {The position is equal.} Nge7 {[#]} 11. Nf4 $146 ({Predecessor:} 11. Be2 b6 12. Nf4 Bb7 13. Nh5 Rg8 14. O-O O-O-O 15. Bg4 Kb8 16. Bh3 Bc8 17. Re1 {1-0 (38) Mahia,G (2356)-Godoy,L (2125) Buenos Aires 2015}) 11... b6 12. Nh5 Rg8 $1 13. Be2 Bd7 14. O-O O-O-O 15. Bg5 Rde8 16. Ra1 h6 17. Be3 Ref8 18. Qd2 Be8 19. Bg4 Nf5 (19... Kb8 {feels hotter.} 20. Rfb1 Bd7 21. Qe2 Re8 22. Nf4 Ref8) 20. Bxf5 exf5 21. Ng3 Bd7 22. Nh5 f6 23. f4 (23. Rfe1 $14) 23... Be8 24. Ng3 g6 25. h4 Bd7 26. Rfe1 Nd8 27. Reb1 g5 (27... Qc6 {keeps more tension.} 28. a4 Nb7 29. Qf2 Qe6 30. Bc1 Rf7) 28. hxg5 (28. fxg5 fxg5 29. hxg5 hxg5 $17) (28. Nh5 $1 $11) 28... hxg5 $15 29. Nh5 fxe5 ({Black should play} 29... gxf4 $1 $17 30. Bxf4 (30. Nxf4 Qa5 $11) 30... fxe5 31. dxe5 Bc6) 30. dxe5 $11 gxf4 31. Nxf4 {Threatens to win with Bxb6!} Re8 {[#]} 32. Bxb6 $1 {[%mdl 512]} axb6 33. Nxd5 Qc6 (33... Re6 $1 $11) 34. Nxb6+ $16 ({Of course not} 34. Rxb6 $6 Qc5+ 35. Qd4 Qxd4+ 36. cxd4 Bc6 $11) 34... Kc7 {[#]} 35. Nd5+ $1 {[%mdl 1024] White has strong compensation.} Kc8 36. Nb6+ Kc7 {Strongly threatening ...Be6.} 37. Nd5+ $1 Kc8 {[#]} 38. Nb6+ {Weighted Error Value: White=0.17/Black=0.13} (38. Rb4 $1 $16 Qc5+ 39. Qd4 Qxd4+ 40. cxd4) 1/2-1/2

[Event "XVI Ugra Cup 2020"]
[Site "Khanty-Mansiysk"]
[Date "2020.12.04"]
[Round "5.7"]
[White "Rozum, Ivan"]
[Black "Maltsevskaya, Aleksandra"]
[Result "1-0"]
[WhiteElo "2563"]
[BlackElo "2248"]
[Annotator "ChessBase"]
[PlyCount "91"]
[EventDate "2020.11.30"]
[EventType "swiss"]
[EventCountry "RUS"]
[SourceTitle "playchess.com"]
[Source "ChessBase"]
[SourceQuality "1"]
[TimeControl "5400+30"]

1. d4 {[%emt 0:02:39]} Nf6 {[%emt 0:00:00]} 2. Nf3 {[%emt 0:00:07]} e6 {[%emt 0:00:31]} 3. c4 {[%emt 0:00:25]} b6 {[%emt 0:00:29]} 4. Nc3 {[%emt 0:04:18]} Bb7 {[%emt 0:00:12]} 5. e3 {[%emt 0:00:31]} Be7 {[%emt 0:00:41]} 6. Bd3 {[%emt 0:03:50]} d5 {[%emt 0:00:30]} 7. cxd5 {[%emt 0:00:19]} exd5 {[%emt 0:01:41]} 8. Qa4+ {[%emt 0:02:55]} c6 {[%emt 0:02:07]} 9. O-O {[%emt 0:02:44]} O-O {[%emt 0:00:36]} 10. Qc2 {[%emt 0:07:41]} c5 {[%emt 0:05:30]} 11. dxc5 {[%emt 0:02:32]} bxc5 {[%emt 0:00:06]} 12. b3 {[%emt 0:03:29]} Nc6 {[%emt 0:02:54]} 13. a3 {[%emt 0:00:12]} Na5 {[%emt 0:03:07]} 14. Rb1 {[%emt 0:06:04]} Rc8 {[%emt 0:16:53]} 15. Rd1 {[%emt 0:06:23]} g6 {[%emt 0:05:55]} 16. e4 {[%emt 0:07:26]} Nc6 {[%emt 0:12:38]} 17. e5 {[%emt 0:07:47]} Nd4 {[%emt 0:01:19]} 18. exf6 {[%emt 0:03:08]} Nxc2 {[%emt 0:00:10]} 19. fxe7 {[%emt 0:00:04]} Qxe7 {[%emt 0:00:08]} 20. Bxc2 {[%emt 0:00:14]} d4 {[%emt 0:03:36]} 21. Re1 {[%emt 0:02:37]} Qd8 {[%emt 0:02:13]} 22. Ne4 {[%emt 0:00:23]} d3 {[%emt 0:01:16]} 23. Bd1 {[%emt 0:00:29]} f6 {[%emt 0:20:01]} 24. Bb2 {[%emt 0:03:10]} Bxe4 {[%emt 0:02:19]} 25. Rxe4 {[%emt 0:01:42]} Re8 {[%emt 0:00:34]} 26. Rxe8+ {[%emt 0:05:01]} Qxe8 {[%emt 0:00:06]} 27. Bxf6 {[%emt 0:00:47]} Rc6 {[%emt 0:05:04]} 28. Bc3 {[%emt 0:00:42]} Re6 {[%emt 0:00:05]} 29. Bd2 {[%emt 0:01:57]} g5 {[%emt 0:06:35]} 30. h3 {[%emt 0:01:56]} h6 {[%emt 0:02:22]} 31. Rc1 {[%emt 0:00:46]} Qe7 {[%emt 0:00:05]} 32. b4 {[%emt 0:01:21]} Rc6 {[%emt 0:02:12]} 33. Bb3+ {[%emt 0:00:08]} Kh7 {[%emt 0:00:27]} 34. Bc4 {[%emt 0:01:35]} Qe4 {[%emt 0:00:20]} 35. Rc3 {[%emt 0:00:43]} Kg7 {[%emt 0:00:55]} 36. Bxd3 {[%emt 0:00:22]} Qd5 {[%emt 0:00:06]} 37. Bc4 {[%emt 0:01:48]} Qe4 {[%emt 0:00:08]} 38. Bd3 {[%emt 0:01:19]} Qd5 {[%emt 0:00:07]} 39. bxc5 {[%emt 0:03:54]} Rxc5 {[%emt 0:00:24]} 40. Be4 {[%emt 0:01:25]} Qd6 {[%emt 0:00:32]} 41. Re3 {[%emt 0:02:01]} Qc7 {[%emt 0:00:25]} 42. g3 {[%emt 0:01:53]} Rc4 {[%emt 0:00:25]} 43. Bd3 {[%emt 0:00:36]} Rc5 {[%emt 0:00:07]} 44. Nd4 {[%emt 0:00:57]} Kf6 {[%emt 0:01:09]} 45. Re6+ {[%emt 0:02:20]} Kf7 {[%emt 0:00:26]} 46. Bg6+ {[%emt 0:00:44]} 1-0